Einblick in Sportarten : Lehrbuch für Sportstudierende /

Hlavní autor: Pokorná, Eva, 1958-
Korporativní autor: Univerzita Karlova
Další autoři: Löbel, Barbara
Jazyk: Němčina
Čeština
Vydáno: Praha : Karolinum, 2020
Vydání: Vydání první
Témata:
Fyzický popis: 170 stran : ilustrace ; 30 cm
Language note: Částečně český text
Knihy
Uloženo v:
LEADER 01962nam a2200565 i 4500
001 nkc20203266126
003 CZ PrNK
005 20210416161617.0
007 ta
008 210120s2020 xr a e p 000 0 ger
015 |a cnb003266126 
020 |a 978-80-246-4549-0  |q (brožováno) 
035 |a (OCoLC)1240907489 
040 |a ABA001  |b cze  |e rda 
041 0 |a ger  |a cze 
072 7 |a 811.112.2  |x Němčina  |2 Konspekt  |9 11 
072 7 |a 37.016  |x Učební osnovy. Vyučovací předměty. Učebnice  |2 Konspekt  |9 22 
080 |a 811.112.2  |2 MRF 
080 |a 796/799  |2 MRF 
080 |a 81'42'373.46  |2 MRF 
080 |a 81'373.46  |2 MRF 
080 |a (075.8)  |2 MRF 
100 1 |a Pokorná, Eva,  |d 1958-  |7 jn20010309590  |4 aut 
245 1 0 |a Einblick in Sportarten :  |b Lehrbuch für Sportstudierende /  |c Eva Pokorná, Barbara Löbel 
250 |a Vydání první 
264 1 |a Praha :  |b Karolinum,  |c 2020 
300 |a 170 stran :  |b ilustrace ;  |c 30 cm 
336 |a text  |b txt  |2 rdacontent 
337 |a bez média  |b n  |2 rdamedia 
338 |a svazek  |b nc  |2 rdacarrier 
504 |a Obsahuje bibliografii 
546 |a Částečně český text 
650 0 7 |a němčina  |7 ph115512  |2 czenas 
650 0 7 |a sport  |7 ph116248  |2 czenas 
650 0 7 |a odborné texty  |7 ph123679  |2 czenas 
650 0 7 |a oborová terminologie  |7 ph138998  |2 czenas 
650 0 9 |a German language  |2 eczenas 
650 0 9 |a sports  |2 eczenas 
650 0 9 |a professional texts  |2 eczenas 
650 0 9 |a terminology (professional)  |2 eczenas 
655 7 |a učebnice vysokých škol  |7 fd133772  |2 czenas 
655 9 |a textbooks (higher)  |2 eczenas 
700 1 |a Löbel, Barbara  |7 pna2015862028  |4 aut 
710 2 |a Univerzita Karlova  |7 kn20010710036  |4 isb 
910 2 |a BOA001  |b 4-1459.364 
928 9 |a Univerzita Karlova, nakladatelství Karolinum 
990 |a BK 
995 |a 01 
991 |b 202104  |c NOV 
996 6 |b 2610854399  |c 4-1459.364  |l MZK  |r Sklad / do 1 hodiny  |n 0  |p p.v.  |w 001841452  |u 000010  |a 1  |e BOA001  |j MZK50  |s P